[Event "Zheleznogorsk-ch"]
[Site "Zheleznogorsk"]
[Date "2017.02.27"]
[Round "8"]
[White "Petrukhina, Olga"]
[Black "Maiboroda, Viktor"]
[Result "1/2-1/2"]
[WhiteElo "2084"]
[BlackElo "1696"]
[PlyCount "118"]
[EventDate "2017.02.06"]
[EventType "swiss"]
[EventRounds "9"]
[EventCountry "RUS"]
[SourceTitle "CBM 177 Extra"]
[Source "ChessBase"]
[SourceDate "2017.04.27"]
[SourceVersion "1"]
[SourceVersionDate "2017.04.27"]
[SourceQuality "1"]

1. d4 Nf6 2. Nf3 d5 3. c4 e6 4. g3 Nc6 5. Bg2 Bb4+ 6. Bd2 Bd7 7. 0-0 Bxd2 8. Nbxd2 0-0 9. Qc2 h6 10. e4 dxe4 11. Nxe4 Nxe4 12. Qxe4 f5 13. Qe2 Qf6 14. Rad1 Rad8 15. Rfe1 Rfe8 16. Ne5 g5 17. Nxd7 Rxd7 18. d5 Nd8 19. dxe6 Rxd1 20. Qxd1 c6 21. Qd7 Qe7 22. Qd4 Nxe6 23. Qxa7 Qd7 24. Qe3 Ng7 25. Qc3 Rxe1+ 26. Qxe1 Qd4 27. Qe2 Kf7 28. h3 Kf6 29. Bf3 Ne6 30. Bg2 f4 31. Kh2 Nc5 32. Bf3 Nd3 33. Kg2 fxg3 34. fxg3 Qxb2 35. Qxb2+ Nxb2 36. Be2 Ke5 37. Kf3 Kd4 38. c5 Na4 39. Kg4 Ke5 40. Kh5 Kf6 41. Kxh6 Nxc5 42. h4 gxh4 43. gxh4 Ne6 44. Bc4 Ng7 45. Bd3 Ne6 46. Kh7 Nf4 47. Be4 Ne6 48. Kh6 Nf4 49. h5 Nxh5 50. Kxh5 Ke5 51. Bg6 Kd4 52. Kg4 c5 53. Kf3 Kc3 54. a4 c4 55. Ke2 Kb2 56. Kd2 c3+ 57. Kd1 Kb3 58. Bc2+ Kb4 59. Kc1 b5 1/2-1/2

[Event "Zheleznogorsk-ch"]
[Site "Zheleznogorsk"]
[Date "2017.02.17"]
[Round "6"]
[White "Shamaeva, Elena"]
[Black "Maiboroda, Viktor"]
[Result "0-1"]
[WhiteElo "1934"]
[BlackElo "1696"]
[PlyCount "98"]
[EventDate "2017.02.06"]
[EventType "swiss"]
[EventRounds "9"]
[EventCountry "RUS"]
[SourceTitle "CBM 177 Extra"]
[Source "ChessBase"]
[SourceDate "2017.04.27"]
[SourceVersion "1"]
[SourceVersionDate "2017.04.27"]
[SourceQuality "1"]

1. e4 Nf6 2. Nc3 Nc6 3. Bc4 e6 4. d4 d5 5. exd5 exd5 6. Bb5 Bd7 7. Bg5 Bb4 8. Nf3 Qe7+ 9. Qe2 Bxc3+ 10. bxc3 Qxe2+ 11. Kxe2 Ne4 12. Bd2 f6 13. h3 0-0-0 14. Rhe1 Rde8 15. Kf1 g5 16. a3 h5 17. Bxc6 Bxc6 18. Rad1 g4 19. Ng1 Bb5+ 20. Ne2 f5 21. h4 f4 22. Kg1 f3 23. Nf4 c6 24. Nd3 Ba4 25. Nc5 Bxc2 26. Nxe4 dxe4 27. Rc1 Bd3 28. Be3 fxg2 29. Kxg2 Rhf8 30. Bg5 Rf5 31. Ra1 Ref8 32. Ra2 Rb5 33. Be7 Rf3 34. Bb4 a5 35. a4 Rbf5 36. Bd6 Kd7 37. Be5 b5 38. Bg3 Rd5 39. axb5 Rxb5 40. Rea1 Rff5 41. Be5 e3 42. fxe3 Rf3 43. Bf4 Rh3 44. Bg5 a4 45. Kf2 a3 46. Ke1 Rb2 47. Rxb2 axb2 48. Ra7+ Ke6 49. Rb7 Bb5 0-1